Psychology in action / (Record no. 3961)
[ view plain ]
| 000 -LEADER | |
|---|---|
| fixed length control field | 01025cam a2200205 a 4500 |
| 020 ## - INTERNATIONAL STANDARD BOOK NUMBER | |
| ISBN | 0471249327 (hardcover : alk. paper) |
| 022 ## - INTERNATIONAL STANDARD SERIAL NUMBER | |
| ISSN | 9780471249320 |
| 050 00 - CALL NUMBER | |
| Classification number | BF121 |
| Item number | .H78 |
| 100 1# - AUTHOR | |
| Personal name | Huffman, Karen. |
| 245 10 - TITLE | |
| Title | Psychology in action / |
| Statement of responsibility, etc | Karen Huffman, Mark Vernoy, Judith Vernoy. |
| 250 ## - EDITION | |
| Edition statement | 5th ed. |
| 260 ## - PUBLICATION INFORMATION | |
| Place of publication | New York : |
| Name of publisher | Wiley, |
| Year of publication | c2000. |
| 300 ## - DESCRIPTION | |
| Number of Pages | 1 v. (various pagings) : |
| Other physical details | col. ill. ; |
| Dimensions | 30 cm. |
| 500 ## - NOTES | |
| General note | Includes bibliographical references and index |
| 505 ## - FORMATTED CONTENTS NOTE | |
| Table of Content | Introducing Psychology --<br/>The Biological Bases of Behavior --<br/>Sensation and Perception --<br/>Consciousness --<br/>Learning --<br/>Memory --<br/>Thinking, Language, and Intelligence --<br/>Life Span Development I --<br/>Life Span Development II --<br/>Gender and Human Sexuality --<br/>Motivation and Emotion --<br/>Health Psychology --<br/>Personality --<br/>Psychological Disorders --<br/>Therapy --<br/>Social Psychology --<br/>Industrial/Organizational Psychology. |
| 650 #0 - SUBJECTS | |
| Topical Term | Psychology |
| 700 1# - OTHER AUTHORS | |
| Personal name | Vernoy, Mark W. |
| 700 1# - OTHER AUTHORS | |
| Personal name | Vernoy, Judith. |
| 942 ## - ADDED ENTRY ELEMENTS (KOHA) | |
| Koha item type | Books |
| Withdrawn status | Lost status | Collection code | Home library | Current library | Shelving location | Date acquired | Full call number | Accession Number | Koha item type |
|---|---|---|---|---|---|---|---|---|---|
| Reference | Methodist University Library Main | Methodist University Library Main | General Stacks | 10/11/2003 | BF121 .H78 | 3924 | Books |